00453nam a2200157Ia 4500008004100000020001400041082001500055100002700070245003100097250000800128260004100136300002800177500001900205600002100224650005000245240925s9999 xx 000 0 und d a471417432 a005.43 SIL aAbraham , Silbesschatz 0aOperating System Concepts  a4th aNew York:bJohn Wiley & Sonsc,2002. axiii,321p.bNAfPirated aIncludes Index aComputer Science aComputer science, information & general works